[Event "Titled Tue 27th May Late"]
[Site "chess.com INT"]
[Date "2025.05.27"]
[Round "4"]
[White "Aadit, Bhatia"]
[Black "Bykov, Egor"]
[Result "1-0"]
[BlackTitle "FM"]
[WhiteElo "2122"]
[BlackElo "2441"]
[WhiteFideId "25088955"]
[BlackFideId "34115290"]
[EventDate "2025.05.27"]

1. Nf3 Nf6 2. e3 d5 3. b3 c5 4. Bb2 a6 5. c4 e6 6. cxd5 exd5 7. d4 Nc6 8. Be2
cxd4 9. Nxd4 Bd6 10. O-O h5 11. Nd2 h4 12. N2f3 Bd7 13. Rc1 Rc8 14. Nxc6 bxc6
15. Bxa6 Ra8 16. Be2 Rxa2 17. Bd4 h3 18. g3 O-O 19. Ra1 Qa5 20. Bxf6 gxf6 21.
Rxa2 Qxa2 22. Nh4 Rb8 23. Bg4 Qa7 24. Bf5 Kf8 25. Qg4 Ke7 26. Qg7 Rxb3 27. Ng6+
Kd8 28. Qxf6+ Kc7 29. Qxf7 Kc8 30. Qe8+ Kb7 31. Qxd7+ Bc7 32. Ne7 Qc5 33. Ra1
Qc3 34. Qc8+ Kb6 35. Qa6+ Kc5 36. Qxc6+ Kb4 37. Ra4# 1-0

[Event "Titled Tue 27th May Late"]
[Site "chess.com INT"]
[Date "2025.05.27"]
[Round "4"]
[White "Petrenko, Maryna"]
[Black "Altini, Nicola"]
[Result "0-1"]
[WhiteTitle "WFM"]
[BlackTitle "IM"]
[WhiteElo "2116"]
[BlackElo "2357"]
[WhiteFideId "14197820"]
[BlackFideId "833924"]
[EventDate "2025.05.27"]

1. d4 d5 2. c4 e6 3. Nf3 Nf6 4. g3 Bb4+ 5. Bd2 a5 6. Bg2 O-O 7. O-O dxc4 8. Ne5
Qxd4 9. Bxb4 Qxe5 10. Bxf8 Nd5 11. Ba3 b5 12. Nc3 b4 13. Nxd5 exd5 14. Bxd5 c6
15. Bxc4 Nd7 16. Qa4 Nc5 17. Qxc6 Bb7 18. Qb5 bxa3 19. bxa3 Qe4 20. f3 Qe3+ 21.
Kg2 Ba6 22. Qc6 Bb7 23. Qb6 g5 24. Qc7 Rf8 25. Rab1 Qd4 26. Bd3 Nxd3 27. exd3
Bd5 28. Rb8 g4 29. Rxf8+ Kxf8 30. Qc8+ Kg7 31. Qc2 Qe3 32. Kh1 Bxf3+ 0-1

[Event "Titled Tue 27th May Late"]
[Site "chess.com INT"]
[Date "2025.05.27"]
[Round "4"]
[White "Fernandez Hernandez, Arturo A."]
[Black "Rossi, Maximiliano"]
[Result "1/2-1/2"]
[WhiteTitle "FM"]
[WhiteElo "2300"]
[BlackElo "2013"]
[WhiteFideId "3509230"]
[BlackFideId "113425"]
[EventDate "2025.05.27"]

1. e4 e6 2. d4 d5 3. Bd3 dxe4 4. Bxe4 c5 5. Ne2 Nc6 6. Be3 cxd4 7. Nxd4 Nxd4 8.
Qxd4 Qxd4 9. Bxd4 Nf6 10. Bf3 Bd7 11. Bxb7 Rb8 12. Bf3 Bd6 13. b3 a6 14. O-O O-O
15. c4 e5 16. Bc3 e4 17. Be2 Bg4 18. Bxg4 Nxg4 19. h3 Ne5 20. Nd2 f5 21. Rfd1
Nd3 22. Nf1 Bc5 23. Be1 f4 24. Rxd3 exd3 25. Rd1 Rbd8 26. Ba5 Rd7 27. Bd2 g5 28.
Re1 Re7 29. Rxe7 Bxe7 30. Nh2 h5 31. Nf3 g4 32. hxg4 hxg4 33. Ne5 g3 34. Ng6
gxf2+ 35. Kf1 Re8 36. Nxf4 Bg5 37. Kxf2 Bxf4 38. Bxf4 Re2+ 39. Kf3 Rxa2 40. Ke3
d2 41. Ke2 d1=Q+ 42. Kxd1 Rxg2 43. Bd2 Kf7 44. Kc2 Ke6 45. Kc3 a5 46. Bf4 Kd7
47. b4 axb4+ 48. Kxb4 Kc6 49. Be5 Rg4 50. Bc3 Re4 1/2-1/2

[Event "Titled Tue 27th May Late"]
[Site "chess.com INT"]
[Date "2025.05.27"]
[Round "4"]
[White "Do Carmo, Gabriel Carckeno"]
[Black "Metin, Enis"]
[Result "0-1"]
[WhiteElo "2021"]
[BlackElo "2169"]
[WhiteFideId "22783024"]
[BlackFideId "26306948"]
[EventDate "2025.05.27"]

1. c4 Nf6 2. Nc3 e5 3. Nf3 Nc6 4. e4 Bb4 5. d3 d6 6. a3 Bxc3+ 7. bxc3 Nd7 8. g3
Nc5 9. Nh4 Ne7 10. Bg2 f5 11. Bg5 O-O 12. O-O fxe4 13. d4 Nd7 14. Bxe4 Nf6 15.
Bc2 Bh3 16. Re1 h6 17. Bxf6 Rxf6 18. Qd3 Nf5 19. dxe5 dxe5 20. Rxe5 Qxd3 21.
Bxd3 Nxh4 22. gxh4 Rd8 23. Be4 c6 24. Re1 Rd2 25. Re8+ Kf7 0-1

[Event "Titled Tue 27th May Late"]
[Site "chess.com INT"]
[Date "2025.05.27"]
[Round "4"]
[White "Wu, Derek"]
[Black "Tymrakiewicz, Rafal"]
[Result "1-0"]
[WhiteTitle "FM"]
[BlackTitle "FM"]
[WhiteElo "2232"]
[BlackElo "2189"]
[WhiteFideId "30914558"]
[BlackFideId "1108832"]
[EventDate "2025.05.27"]

1. d4 Nf6 2. c4 g6 3. Nc3 Bg7 4. e4 O-O 5. h3 c6 6. Nf3 d5 7. cxd5 cxd5 8. e5
Ne4 9. Bd3 Nxc3 10. bxc3 Nc6 11. O-O Rb8 12. a4 e6 13. Nh2 Na5 14. Ng4 Bd7 15.
Qf3 f5 16. exf6 Bxf6 17. Qg3 Nb3 18. Ba3 Nxa1 19. Bxf8 Bh4 20. Nh6+ Kxf8 21.
Qf4+ Kg7 22. Nf7 Qf6 23. Qxb8 Qxf7 24. Rxa1 Qxf2+ 25. Kh1 Qe3 26. Rf1 Be7 27.
Bb1 Bc6 28. Qc7 Qg5 29. Bd3 Kh6 30. Bb5 1-0

[Event "Titled Tue 27th May Late"]
[Site "chess.com INT"]
[Date "2025.05.27"]
[Round "4"]
[White "Klekowski, Maciej"]
[Black "Toncheva, Nadya"]
[Result "1-0"]
[WhiteTitle "GM"]
[BlackTitle "FM"]
[WhiteElo "2474"]
[BlackElo "2332"]
[WhiteFideId "1132717"]
[BlackFideId "2924056"]
[EventDate "2025.05.27"]

1. Nf3 c5 2. b3 d6 3. Bb2 Nc6 4. e3 e5 5. Nc3 Nf6 6. Bb5 Be7 7. O-O O-O 8. d4
cxd4 9. exd4 e4 10. Bxc6 bxc6 11. Nd2 d5 12. Na4 Bg4 13. Qe1 Re8 14. h3 Bh5 15.
c4 Bd6 16. cxd5 cxd5 17. Rc1 Rc8 18. Qe3 Bb8 19. Rxc8 Qxc8 20. Rc1 Qe6 21. Ba3
Nd7 22. Nf1 f5 23. Rc3 f4 24. Qc1 f3 25. Rc6 Qf5 26. Ne3 Qg5 27. Bd6 fxg2 28.
Bxb8 Nxb8 29. Rc8 Nd7 30. Rxe8+ Bxe8 31. Qc8 Kf7 32. Nc5 Nxc5 33. Qxc5 Ke6 34.
Qxa7 Qh5 35. Qa6+ Ke7 36. Qb7+ Bd7 37. Qxd5 Qxh3 38. Qxe4+ Kd8 39. Qa8+ Ke7 40.
Qxg2 Qh6 41. Qe4+ Kd8 42. a4 Qg5+ 43. Kf1 h5 44. Qe5 Bh3+ 45. Ke2 Bg4+ 46. f3
Qxe5 47. dxe5 Be6 48. b4 Kc7 49. f4 h4 50. Kf2 Kc6 51. f5 Bb3 52. a5 Kb5 53. e6
h3 54. Kg3 Kxb4 55. a6 1-0

[Event "Titled Tue 27th May Late"]
[Site "chess.com INT"]
[Date "2025.05.27"]
[Round "4"]
[White "Jumabayev, Rinat"]
[Black "Gasparyan, Erik R."]
[Result "1-0"]
[WhiteTitle "GM"]
[BlackTitle "IM"]
[WhiteElo "2551"]
[BlackElo "2372"]
[WhiteFideId "13702661"]
[BlackFideId "13315730"]
[EventDate "2025.05.27"]

1. Nf3 Nf6 2. c4 e6 3. g3 b6 4. Bg2 Bb7 5. O-O Be7 6. Re1 O-O 7. Nc3 d5 8. cxd5
exd5 9. d4 Re8 10. Bf4 Bd6 11. Bxd6 Qxd6 12. Rc1 a6 13. Qd2 Nbd7 14. Qf4 Qxf4
15. gxf4 Kf8 16. e3 Ke7 17. Rc2 Red8 18. Ne5 Rac8 19. Rec1 c6 20. b4 Nxe5 21.
fxe5 Nd7 22. Bh3 b5 23. Ne2 Rb8 24. Nf4 f6 25. Rxc6 Bxc6 26. Rxc6 fxe5 27. dxe5
Rbc8 28. Rxa6 Rc1+ 29. Kg2 Rd1 30. Ne6 Rb8 31. Ra7 Rc8 32. Nd4 Rd8 33. Nc6+ 1-0

[Event "Titled Tue 27th May Late"]
[Site "chess.com INT"]
[Date "2025.05.27"]
[Round "4"]
[White "Perez Rojas, Jorge"]
[Black "Arabidze, Meri"]
[Result "1-0"]
[WhiteTitle "FM"]
[BlackTitle "IM"]
[WhiteElo "2100"]
[BlackElo "2440"]
[WhiteFideId "3452093"]
[BlackFideId "13604040"]
[EventDate "2025.05.27"]

1. e4 c5 2. Nf3 e6 3. d4 cxd4 4. Nxd4 Nc6 5. Nxc6 bxc6 6. Bd3 d5 7. Nd2 Nf6 8.
O-O Be7 9. Re1 O-O 10. c4 Rb8 11. Qc2 h6 12. b3 e5 13. exd5 cxd5 14. Rxe5 Bc5
15. Nf3 Ng4 16. Re2 Re8 17. cxd5 Rxe2 18. Qxc5 Rxf2 19. Bf4 Ra8 20. Bg3 Rxf3 21.
gxf3 Qf6 22. Re1 Bd7 23. fxg4 Bxg4 24. d6 Rd8 25. Qe5 Qxe5 26. Rxe5 Be6 27. Ra5
Rd7 28. Bb5 Rb7 29. Bc6 Rb6 30. d7 Rb8 31. Bxb8 1-0

[Event "Titled Tue 27th May Late"]
[Site "chess.com INT"]
[Date "2025.05.27"]
[Round "4"]
[White "Eminov, Orkhan"]
[Black "Svane, Rasmus"]
[Result "0-1"]
[WhiteTitle "FM"]
[BlackTitle "GM"]
[WhiteElo "2239"]
[BlackElo "2629"]
[WhiteFideId "13402153"]
[BlackFideId "4657101"]
[EventDate "2025.05.27"]

1. e4 c6 2. Nf3 d5 3. e5 Bg4 4. Be2 e6 5. O-O c5 6. c4 dxc4 7. Na3 Nc6 8. Nxc4
Rc8 9. Qa4 Qd7 10. Nb6 axb6 11. Qxg4 Nge7 12. d4 cxd4 13. Rd1 h5 14. Qf4 Nd5 15.
Qe4 Bc5 16. a3 g6 17. Bd2 O-O 18. b4 Be7 19. Bb5 Qc7 20. Rac1 Rfd8 21. Bd3 Nc3
22. Bxc3 dxc3 23. Rxc3 b5 24. Qe3 Bf8 25. Rdc1 Qb8 26. Bxb5 Ne7 27. Rxc8 Rxc8
28. Rxc8 Qxc8 29. h3 Nd5 30. Qd2 Bg7 31. Bf1 Qc7 32. Qe1 Qc2 33. Ng5 Qb2 34. Qe4
Bxe5 0-1

[Event "Titled Tue 27th May Late"]
[Site "chess.com INT"]
[Date "2025.05.27"]
[Round "4"]
[White "Khlebovich, Alexander"]
[Black "Tekeyev, Zaur"]
[Result "1-0"]
[WhiteTitle "IM"]
[BlackTitle "IM"]
[WhiteElo "2423"]
[BlackElo "2417"]
[WhiteFideId "4169123"]
[BlackFideId "4199731"]
[EventDate "2025.05.27"]

1. d4 d5 2. c4 e6 3. Nf3 Nf6 4. g3 Be7 5. Bg2 O-O 6. O-O dxc4 7. Ne5 c5 8. dxc5
Qc7 9. Nxc4 Rd8 10. Qc2 Qxc5 11. Be3 Qh5 12. f3 Nc6 13. Rd1 Rxd1+ 14. Qxd1 Qd5
15. Qxd5 exd5 16. Nca3 d4 17. Bf2 Bb4 18. Nc2 Bc5 19. Nd2 Bf5 20. Rc1 Rd8 21.
Nb3 Bb6 22. Ne1 h5 23. Nc5 Bc8 24. Ned3 Nd5 25. f4 a5 26. a3 g6 27. Bf3 Kh7 28.
Kg2 f5 29. h3 Rd6 30. Ne5 Ne3+ 31. Bxe3 dxe3 32. Nxc6 bxc6 33. Na4 Bd4 34. Rxc6
Rxc6 35. Bxc6 Be6 36. b4 axb4 37. axb4 Bc4 38. Kf3 Bb3 39. Nc5 Bc4 40. Nd7 Be6
41. Ne5 Bc8 42. Nc4 1-0

[Event "Titled Tue 27th May Late"]
[Site "chess.com INT"]
[Date "2025.05.27"]
[Round "4"]
[White "Gimeno Martos, Roberto"]
[Black "Bian, Alex"]
[Result "0-1"]
[WhiteTitle "CM"]
[BlackTitle "FM"]
[WhiteElo "2090"]
[BlackElo "2342"]
[WhiteFideId "2226804"]
[BlackFideId "2056372"]
[EventDate "2025.05.27"]

1. e4 c5 2. Nc3 Nc6 3. g3 g6 4. Bg2 Bg7 5. d3 d6 6. Be3 e5 7. Qd2 Nd4 8. Nd1 f5
9. c3 Nc6 10. Ne2 Nf6 11. Bh6 O-O 12. Bxg7 Kxg7 13. h3 d5 14. exd5 Nxd5 15. d4
cxd4 16. cxd4 e4 17. Ne3 Be6 18. Nxd5 Bxd5 19. O-O Qf6 20. b3 Rad8 21. Rfd1 Bf7
22. Qe3 Ne7 23. Nf4 g5 24. Ne2 Nd5 25. Qd2 Rde8 26. Qa5 b6 27. Qxa7 f4 28. g4 f3
29. Ng3 Kh8 30. Bf1 Nf4 31. Nf5 Bg6 32. Ne3 Re7 33. d5 Rxa7 34. d6 Rd7 35. Rac1
Rxd6 36. Rxd6 Qxd6 0-1

[Event "Titled Tue 27th May Late"]
[Site "chess.com INT"]
[Date "2025.05.27"]
[Round "4"]
[White "Khodko, Yurii N."]
[Black "Albertini, Luca"]
[Result "1/2-1/2"]
[WhiteTitle "FM"]
[WhiteElo "2268"]
[BlackElo "2139"]
[WhiteFideId "24264717"]
[BlackFideId "847038"]
[EventDate "2025.05.27"]

1. e4 e5 2. Nf3 Nc6 3. d4 exd4 4. c3 dxc3 5. Nxc3 Bb4 6. Bc4 Nf6 7. e5 d5 8.
exf6 dxc4 9. Qxd8+ Kxd8 10. fxg7 Bxc3+ 11. bxc3 Rg8 12. Bh6 Be6 13. Rd1+ Ke7 14.
O-O Rad8 15. h3 f6 16. Rfe1 Kf7 17. Rb1 b6 18. Bf4 Rd7 19. Bh6 Bf5 20. Rb5 Bd3
21. a4 Kg6 22. Bf4 a6 23. Rb2 Rgxg7 24. Kh2 Rge7 25. Be3 Ne5 26. Nxe5+ Rxe5 27.
Ra1 Ra5 28. Raa2 Rg7 29. Bd4 Kf5 30. f3 Rd7 31. Bf2 Rdd5 32. Rd2 b5 33. axb5
Rxa2 34. Rxa2 axb5 35. Be3 b4 36. cxb4 c3 37. Kg3 c2 38. Kf2 Re5 39. Ra5 Ke6 40.
Rxe5+ fxe5 41. Ke1 Kd5 42. g4 Kc4 43. Kd2 Bg6 44. h4 Kb3 45. Kc1 Kxb4 46. Bg5
Kc4 47. h5 Bd3 48. Kd2 c5 49. Bf6 Be2 50. Bxe5 Bxf3 51. Kxc2 Bxg4 52. h6 Bf5+
53. Kc1 Bg6 54. Bg7 Kd3 55. Bf8 c4 56. Bg7 c3 57. Bf8 c2 58. Bg7 Ke4 59. Bf8 Kd3
60. Bg7 Ke4 61. Bc3 Kd3 62. Bd2 Ke2 63. Bg5 Kd3 64. Bd2 Kc4 65. Bg5 Kb3 66. Bd2
Kc4 67. Bg5 Kd3 68. Bd2 1/2-1/2

[Event "Titled Tue 27th May Late"]
[Site "chess.com INT"]
[Date "2025.05.27"]
[Round "4"]
[White "Danzer, George"]
[Black "Paval, George"]
[Result "1/2-1/2"]
[WhiteTitle "CM"]
[WhiteElo "2172"]
[BlackElo "2139"]
[WhiteFideId "4659465"]
[BlackFideId "1214233"]
[EventDate "2025.05.27"]

1. e4 c6 2. d4 d5 3. e5 Bf5 4. h4 h5 5. c4 e6 6. Nc3 Nd7 7. cxd5 cxd5 8. Nf3 a6
9. a3 Rc8 10. Be2 Ne7 11. Bg5 Qc7 12. Nh2 Bg6 13. Bxe7 Bxe7 14. Nf1 Nb8 15. Ng3
Nc6 16. Bxh5 Bxh5 17. Nxh5 g6 18. Nf4 Rxh4 19. Rxh4 Bxh4 20. Qg4 Be7 21. Nfxd5
exd5 22. Nxd5 Qa5+ 23. b4 Bxb4+ 24. Nxb4 Rd8 25. d5 Nxb4 26. Qxb4 Qxd5 27. Kf1
Rc8 28. Re1 Rc4 29. Qb1 Rg4 30. f3 Rh4 31. Kf2 Qd4+ 32. Re3 Qd2+ 33. Re2 Qd4+
34. Re3 Qd2+ 35. Re2 Qd4+ 36. Re3 1/2-1/2

[Event "Titled Tue 27th May Late"]
[Site "chess.com INT"]
[Date "2025.05.27"]
[Round "4"]
[White "Tologon tegin, Semetei"]
[Black "Karas, Eugenia"]
[Result "1-0"]
[WhiteTitle "IM"]
[BlackTitle "WFM"]
[WhiteElo "2313"]
[BlackElo "2124"]
[WhiteFideId "13800574"]
[BlackFideId "463485"]
[EventDate "2025.05.27"]

1. f4 b6 2. Nf3 Bb7 3. e3 Nf6 4. b3 g6 5. Bb2 Bg7 6. Be2 O-O 7. O-O d5 8. a4
Nbd7 9. a5 a6 10. c4 dxc4 11. bxc4 c5 12. Nc3 Ne4 13. Qc1 Ndf6 14. axb6 Qxb6 15.
Rb1 Qc6 16. Qc2 Nxc3 17. Bxc3 a5 18. Rb5 a4 19. Ra1 a3 20. Qb3 Ba6 21. Rb6 Qc7
22. Rxa3 Bxc4 23. Rxa8 Bxb3 24. Rxf8+ Kxf8 25. Rxb3 Nd7 26. Bb5 Bxc3 27. Rxc3
Nf6 28. h3 Ne4 29. Rc2 Qb6 30. Bd3 Nd6 31. Kh2 Qb3 32. Rc3 Qb4 33. Ne5 Kg7 34.
Nc6 Qb2 35. Bc2 Nb5 36. Rxc5 Na3 37. Nd4 Qb4 38. Rc3 Nxc2 39. Rxc2 h5 40. Nf3
Qe4 41. Rc5 Qd3 42. Rc7 Qd6 43. Ra7 Qc5 44. Rb7 Qc6 45. Rxe7 Qd6 46. Rb7 Qc6 47.
Rxf7+ Kh6 48. Ng5 1-0

[Event "Titled Tue 27th May Late"]
[Site "chess.com INT"]
[Date "2025.05.27"]
[Round "4"]
[White "Hamitevici, Vladimir"]
[Black "Gyurjinyan, Valter"]
[Result "1-0"]
[WhiteTitle "GM"]
[BlackTitle "CM"]
[WhiteElo "2423"]
[BlackElo "2208"]
[WhiteFideId "13902393"]
[BlackFideId "13318179"]
[EventDate "2025.05.27"]

1. a3 e5 2. c4 Nf6 3. d3 c6 4. Nf3 Bd6 5. Nc3 Bc7 6. Bg5 h6 7. Bh4 d6 8. e3 Nbd7
9. d4 Qe7 10. Be2 Nf8 11. b4 Ng6 12. Bg3 O-O 13. h3 a5 14. O-O Bf5 15. d5 Ne4
16. Nxe4 Bxe4 17. Nd2 cxd5 18. Nxe4 dxe4 19. Qd5 Rfb8 20. Qxe4 Nf8 21. Bf3 Nd7
22. Bh4 Qe8 23. Qg4 Bd8 24. Rfd1 Bxh4 25. Qxh4 axb4 26. axb4 Rxa1 27. Rxa1 Nf6
28. Qg3 Qc8 29. Be2 Qc7 30. Qf3 Qb6 31. Rb1 Ra8 32. Qf5 Ra2 33. Bd3 Rd2 34. Qc8+
Ne8 35. Qxe8# 1-0

[Event "Titled Tue 27th May Late"]
[Site "chess.com INT"]
[Date "2025.05.27"]
[Round "4"]
[White "Borisov, Yuri"]
[Black "Tarnowska, Aleksandra"]
[Result "1-0"]
[WhiteTitle "FM"]
[BlackTitle "WCM"]
[WhiteElo "2285"]
[BlackElo "1882"]
[WhiteFideId "1503928"]
[BlackFideId "1180967"]
[EventDate "2025.05.27"]

1. e4 c5 2. Nc3 e6 3. Bc4 a6 4. a4 b6 5. d3 Bb7 6. f4 d5 7. Bb3 dxe4 8. dxe4
Qxd1+ 9. Kxd1 Nf6 10. Nf3 Nxe4 11. Ke2 Be7 12. Ne5 O-O 13. Rg1 Nxc3+ 14. bxc3
Bf6 15. Be3 Rd8 16. g4 Nc6 17. Nc4 Bxc3 18. Nxb6 Bxa1 19. Nxa8 Bd4 20. Nb6 Bxe3
21. Kxe3 Nd4 22. f5 exf5 23. Rd1 fxg4 24. c3 Nf5+ 25. Kf4 Rxd1 26. Bxd1 Ne7 27.
Bxg4 Nd5+ 28. Nxd5 Bxd5 29. Ke5 Bb3 30. a5 c4 31. Kd5 Ba4 32. Kxc4 Bb5+ 33. Kc5
g6 34. c4 Ba4 35. Bc8 f5 36. Bxa6 f4 37. Bb7 g5 38. a6 g4 39. a7 f3 40. a8=Q+
Kg7 41. Bxf3 gxf3 42. Qxf3 Kg6 43. Qg4+ Kh6 44. h4 Be8 45. Qg5# 1-0

[Event "Titled Tue 27th May Late"]
[Site "chess.com INT"]
[Date "2025.05.27"]
[Round "4"]
[White "Firouzja, Alireza"]
[Black "Galchenko, Matvey"]
[Result "1-0"]
[WhiteTitle "GM"]
[BlackTitle "IM"]
[WhiteElo "2757"]
[BlackElo "2442"]
[WhiteFideId "12573981"]
[BlackFideId "24175480"]
[EventDate "2025.05.27"]

1. d4 Nf6 2. c4 c5 3. d5 e6 4. Nc3 exd5 5. cxd5 d6 6. e4 g6 7. f4 Bg7 8. Bb5+
Nfd7 9. a4 O-O 10. Nf3 Na6 11. O-O Nb4 12. f5 a6 13. Be2 Qe7 14. Bg5 Bf6 15. Qd2
Ne5 16. Bxf6 Qxf6 17. Nxe5 Qxe5 18. f6 Qd4+ 19. Qxd4 cxd4 20. Na2 Nxa2 21. Rxa2
Re8 22. Bf3 Bd7 23. Rd1 Rac8 24. Rxd4 Rc1+ 25. Kf2 Rc2+ 26. Ke3 g5 27. Rb4 g4
28. Be2 Bf5 29. Bd3 Rxg2 30. Rxb7 Rxh2 31. Re7 Rh3+ 32. Kd4 Rxe7 33. fxe7 Bd7
34. Bxa6 Rh5 35. Bb5 1-0

[Event "Titled Tue 27th May Late"]
[Site "chess.com INT"]
[Date "2025.05.27"]
[Round "4"]
[White "Panarin, Mikhail"]
[Black "Le, Tuan Minh"]
[Result "0-1"]
[WhiteTitle "GM"]
[BlackTitle "GM"]
[WhiteElo "2562"]
[BlackElo "2598"]
[WhiteFideId "4153251"]
[BlackFideId "12401153"]
[EventDate "2025.05.27"]

1. e4 e5 2. Nf3 Nc6 3. Bb5 a6 4. Ba4 Bc5 5. O-O Nge7 6. c3 Ng6 7. d4 Ba7 8. Be3
O-O 9. Nbd2 d6 10. h3 exd4 11. cxd4 Nce7 12. Re1 c6 13. Nf1 d5 14. e5 Nf5 15.
Bc2 f6 16. exf6 Qxf6 17. N1h2 Nd6 18. Ng4 Bxg4 19. hxg4 Rae8 20. Ne5 Qe6 21.
Bxg6 hxg6 22. Qd3 Kh7 23. b3 Nf7 24. Bf4 Nxe5 25. Qh3+ Kg8 26. Bxe5 Qf7 27. Qg3
g5 28. Re3 c5 29. dxc5 Bxc5 30. Rf3 Qe6 31. Rxf8+ Rxf8 32. Rf1 d4 33. b4 Ba7 34.
Bd6 Rf7 35. Bc5 Bxc5 36. bxc5 Qd5 37. Rc1 d3 38. Qe3 Rf8 39. a3 d2 40. Rd1 Rd8
41. f3 Kf7 42. Kf2 Rd7 43. g3 a5 44. Ke2 Re7 0-1

[Event "Titled Tue 27th May Late"]
[Site "chess.com INT"]
[Date "2025.05.27"]
[Round "4"]
[White "Gelman, Alexander"]
[Black "Bratovic, Blaz"]
[Result "1-0"]
[WhiteTitle "IM"]
[BlackTitle "IM"]
[WhiteElo "2403"]
[BlackElo "2319"]
[WhiteFideId "4118316"]
[BlackFideId "14603551"]
[EventDate "2025.05.27"]

1. d4 f5 2. Nc3 Nf6 3. Bg5 d5 4. h3 e6 5. g4 Be7 6. Nf3 O-O 7. Qd3 c6 8. O-O-O
Ne4 9. Bxe7 Qxe7 10. Rh2 b6 11. Ne5 Ba6 12. Qe3 Nd7 13. f4 Rac8 14. Nxe4 fxe4
15. Kb1 c5 16. Qa3 Nxe5 17. dxe5 Bb5 18. e3 Bxf1 19. Rxf1 a5 20. Qb3 Qc7 21. a4
b5 22. axb5 a4 23. Qa3 Qb6 24. f5 Qxb5 25. Rhf2 d4 26. fxe6 Rxf2 27. Rxf2 d3 28.
e7 Re8 29. Qa2+ c4 30. Qa3 dxc2+ 31. Kc1 Qb8 32. Qd6 Qc8 33. Qd5+ Kh8 34. Qf7
Rg8 35. Qf8 a3 36. bxa3 1-0

[Event "Titled Tue 27th May Late"]
[Site "chess.com INT"]
[Date "2025.05.27"]
[Round "4"]
[White "Lazavik, Denis"]
[Black "Steinberg, Nitzan"]
[Result "1-0"]
[WhiteTitle "GM"]
[BlackTitle "GM"]
[WhiteElo "2577"]
[BlackElo "2554"]
[WhiteFideId "13515110"]
[BlackFideId "2801795"]
[EventDate "2025.05.27"]

1. d4 Nf6 2. c4 e6 3. Nf3 Bb4+ 4. Bd2 a5 5. g3 b6 6. Bg2 Bb7 7. O-O O-O 8. Bf4
Be7 9. Nc3 Ne4 10. Nb5 Nd6 11. Nxd6 Bxd6 12. Bxd6 cxd6 13. d5 exd5 14. cxd5 Na6
15. Nd4 Nc5 16. Re1 Re8 17. e4 Ba6 18. Re3 Qf6 19. Qd2 g6 20. Rae1 Re7 21. b3 h5
22. a3 b5 23. b4 axb4 24. axb4 Na4 25. f4 Rae8 26. Nf3 Qb2 27. Qxb2 Nxb2 28. Nd4
f5 29. h4 Kg7 30. Kf2 Kf7 31. Bf3 fxe4 32. Bxe4 Nd1+ 33. Rxd1 Rxe4 34. Rde1 Rxe3
35. Rxe3 Rc8 36. Ra3 Rc4 37. Ke3 Bb7 38. Ra7 Bxd5 39. Rxd7+ Kf8 40. Rxd6 Bf7 41.
Nc6 Rc3+ 42. Kf2 Rc2+ 43. Ke1 Rc3 44. Ne5 Rxg3 45. Rf6 Ke7 46. Rxf7+ Ke6 47. Rg7
Kf6 48. Rxg6+ Rxg6 49. Nxg6 Kxg6 50. Kf2 Kf6 51. Ke3 1-0

[Event "Titled Tue 27th May Late"]
[Site "chess.com INT"]
[Date "2025.05.27"]
[Round "4"]
[White "Chelly, Yahya"]
[Black "Bahmani, Koorosh"]
[Result "1-0"]
[WhiteTitle "CM"]
[BlackTitle "CM"]
[WhiteElo "2039"]
[BlackElo "2208"]
[WhiteFideId "5516200"]
[BlackFideId "42576750"]
[EventDate "2025.05.27"]

1. d4 d5 2. c4 c6 3. Nc3 Nf6 4. Nf3 e6 5. Bg5 dxc4 6. a4 b5 7. axb5 cxb5 8. Nxb5
Qb6 9. Na3 Bxa3 10. bxa3 Ne4 11. Bf4 Qa5+ 12. Nd2 O-O 13. e3 Bb7 14. f3 Nxd2 15.
Qxd2 c3 16. Qc2 Nc6 17. Bd6 Rfd8 18. Bc5 Rac8 19. Bd3 e5 20. Bxh7+ Kh8 21. Bf5
exd4 22. Bxc8 d3 23. Qb3 Qxc5 24. Bxb7 Qxe3+ 25. Kf1 Nd4 26. Qd1 d2 27. Be4 Re8
28. h4 1-0

[Event "Titled Tue 27th May Late"]
[Site "chess.com INT"]
[Date "2025.05.27"]
[Round "4"]
[White "Pavlidou, Ekaterini"]
[Black "Velikanov, Alexander"]
[Result "1-0"]
[WhiteTitle "WIM"]
[BlackTitle "IM"]
[WhiteElo "2198"]
[BlackElo "2372"]
[WhiteFideId "4213262"]
[BlackFideId "2039290"]
[EventDate "2025.05.27"]

1. d4 Nf6 2. c4 c5 3. d5 g6 4. Nc3 Bg7 5. h4 e6 6. h5 Nxh5 7. g4 Nf6 8. g5 Nh5
9. e4 exd5 10. Nxd5 d6 11. Be2 Be6 12. Bxh5 gxh5 13. Qxh5 Nc6 14. Ne2 Ne5 15. f3
Bxd5 16. cxd5 Qb6 17. Qh3 c4 18. Nf4 Nd3+ 19. Nxd3 cxd3 20. Bd2 Bxb2 21. Rb1 Qd4
22. g6 hxg6 23. Qxh8+ Qxh8 24. Rxh8+ Bxh8 25. Rxb7 Bd4 26. Bb4 Rc8 27. Kd2 Bb6
28. Kxd3 Rd8 29. a4 Rd7 30. Rb8+ Ke7 31. a5 Bg1 32. a6 f5 33. Bc3 Bf2 34. Rg8
fxe4+ 35. fxe4 Kf7 36. Rg7+ Ke8 37. Rxg6 Rh7 38. Rxd6 Rh3+ 39. Kc4 Rh4 40. Re6+
Kd7 41. Bd4 Be1 42. Bxa7 Rh2 43. Be3 Rc2+ 44. Kd3 Ra2 45. a7 Ra3+ 46. Ke2 Bb4
47. Rh6 1-0

[Event "Titled Tue 27th May Late"]
[Site "chess.com INT"]
[Date "2025.05.27"]
[Round "4"]
[White "Provaznik, Michal"]
[Black "Amarasinghe, A A C B"]
[Result "1/2-1/2"]
[WhiteTitle "CM"]
[BlackTitle "CM"]
[WhiteElo "2050"]
[BlackElo "1949"]
[WhiteFideId "315273"]
[BlackFideId "9901809"]
[EventDate "2025.05.27"]

1. e4 e6 2. d4 d5 3. Nc3 Bb4 4. e5 Ne7 5. f4 c5 6. Nf3 Nbc6 7. a3 Ba5 8. Be3 Nf5
9. Bf2 h5 10. Bb5 Bxc3+ 11. bxc3 Qa5 12. Bxc6+ bxc6 13. Qd2 cxd4 14. cxd4 Qxd2+
15. Kxd2 Ba6 16. Rhb1 Kd7 17. Rb4 Rab8 18. Rab1 Rb5 19. c3 Rhb8 20. a4 Rxb4 21.
cxb4 Bc4 22. Kc3 Be2 23. Nh4 Nxh4 24. Bxh4 Bg4 25. Rb2 Bf5 26. h3 Be4 27. g4
hxg4 28. hxg4 Rh8 29. Rh2 Bf3 30. g5 Bg4 31. Bg3 Rh3 32. Rxh3 Bxh3 33. b5 cxb5
34. axb5 Kc7 35. Kb4 Kb6 36. Be1 Bf1 37. Kb3 Bxb5 38. Bb4 a5 39. Bf8 g6 40. Bc5+
Kc6 41. Ka3 Kb7 42. Kb3 Ka6 43. Ba3 Be2 44. Be7 Kb5 45. Ba3 Bd1+ 46. Kc3 Be2 47.
Be7 Bc4 48. Bd8 a4 49. Be7 Bf1 50. Bd6 Ka5 51. Be7 a3 52. Bxa3 Ka4 53. Be7 Bc4
54. Bd6 Bf1 55. Bc5 Bc4 56. Bb4 Bf1 57. Bc5 Bc4 58. Bd6 Bf1 59. Bc5 1/2-1/2